[Event "DEM U12 2025"]
[Site "Willingen GER"]
[Date "2025.06.09"]
[Round "3"]
[White "Boroshnev, Dmytro"]
[Black "Betz, Niclas"]
[Result "1-0"]
[Termination "normal"]
[Board "27"]
[WhiteElo "1707"]
[BlackElo "1678"]
[WhiteClock "01:27:38"]
[BlackClock "01:10:15"]
[PlyCount "75"]
[WhiteFideId "34163611"]
[BlackFideId "34616748"]
[EventCountry "GER"]
[EventRounds "9"]
[EventType "swiss"]
[EventDate "2025.06.07"]

1. e4 {[%clk 01:30:57]} {[%emt 00:00:03]} e6 {[%clk 01:30:52]} {[%emt
00:00:09]} 2. d4 {[%clk 01:31:20]} {[%emt 00:00:05]} d5 {[%clk 01:31:13]}
{[%emt 00:00:10]} 3. Nd2 {[%clk 01:31:43]} {[%emt 00:00:07]} c5 {[%clk
01:31:36]} {[%emt 00:00:09]} 4. Ngf3 {[%clk 01:31:48]} {[%emt 00:00:23]} cxd4
{[%clk 01:31:41]} {[%emt 00:00:26]} 5. exd5 {[%clk 01:31:46]} {[%emt 00:00:31]}
Qxd5 {[%clk 01:31:48]} {[%emt 00:00:24]} 6. Bc4 {[%clk 01:32:02]} {[%emt
00:00:13]} Qd6 {[%clk 01:32:10]} {[%emt 00:00:09]} 7. O-O {[%clk 01:31:41]}
{[%emt 00:00:50]} Nf6 {[%clk 01:32:30]} {[%emt 00:00:11]} 8. Nb3 {[%clk
01:31:56]} {[%emt 00:00:15]} Nc6 {[%clk 01:32:51]} {[%emt 00:00:08]} 9. Nbxd4
{[%clk 01:32:00]} {[%emt 00:00:26]} Nxd4 {[%clk 01:33:11]} {[%emt 00:00:11]}
10. Nxd4 {[%clk 01:32:06]} {[%emt 00:00:24]} a6 {[%clk 01:33:30]} {[%emt
00:00:11]} 11. a4 {[%clk 01:32:19]} {[%emt 00:00:17]} Qc7 {[%clk 01:32:49]}
{[%emt 00:01:11]} 12. Qe2 {[%clk 01:32:18]} {[%emt 00:00:31]} Bd7 {[%clk
01:32:25]} {[%emt 00:00:54]} 13. c3 {[%clk 01:32:19]} {[%emt 00:00:28]} Bd6
{[%clk 01:32:37]} {[%emt 00:00:18]} 14. h3 {[%clk 01:32:39]} {[%emt 00:00:10]}
O-O {[%clk 01:31:43]} {[%emt 00:01:26]} 15. Rd1 {[%clk 01:31:36]} {[%emt
00:01:32]} Rac8 {[%clk 01:31:06]} {[%emt 00:01:07]} 16. Bb3 {[%clk 01:31:04]}
{[%emt 00:01:03]} h6 {[%clk 01:30:56]} {[%emt 00:00:40]} 17. Be3 {[%clk
01:30:13]} {[%emt 00:01:20]} Rfd8 {[%clk 01:27:04]} {[%emt 00:04:23]} 18. a5
{[%clk 01:29:42]} {[%emt 00:01:01]} e5 {[%clk 01:20:40]} {[%emt 00:06:53]} 19.
Nf3 {[%clk 01:29:49]} {[%emt 00:00:23]} Bb5 {[%clk 01:20:56]} {[%emt 00:00:14]}
20. Qe1 {[%clk 01:30:10]} {[%emt 00:00:08]} Re8 {[%clk 01:19:38]} {[%emt
00:01:47]} 21. Bb6 {[%clk 01:27:06]} {[%emt 00:03:36]} Qc6 {[%clk 01:18:20]}
{[%emt 00:01:48]} 22. c4 {[%clk 01:26:49]} {[%emt 00:00:48]} e4 {[%clk
01:10:03]} {[%emt 00:08:46]} 23. Nd4 {[%clk 01:26:16]} {[%emt 00:01:03]} Bh2+
{[%clk 01:09:51]} {[%emt 00:00:43]} 24. Kh1 {[%clk 01:26:03]} {[%emt 00:00:42]}
Qd6 {[%clk 01:09:28]} {[%emt 00:00:52]} 25. Nxb5 {[%clk 01:25:57]} {[%emt
00:00:36]} Qe5 {[%clk 01:07:59]} {[%emt 00:02:01]} 26. Nd6 {[%clk 01:25:44]}
{[%emt 00:00:42]} Qxd6 {[%clk 01:08:00]} {[%emt 00:00:29]} 27. Rxd6 {[%clk
01:26:04]} {[%emt 00:00:10]} Bxd6 {[%clk 01:08:23]} {[%emt 00:00:07]} 28. Rd1
{[%clk 01:26:03]} {[%emt 00:00:31]} Bc5 {[%clk 01:08:44]} {[%emt 00:00:10]} 29.
Bxc5 {[%clk 01:26:21]} {[%emt 00:00:12]} Rxc5 {[%clk 01:09:10]} {[%emt
00:00:04]} 30. Qb4 {[%clk 01:26:32]} {[%emt 00:00:18]} Rc7 {[%clk 01:09:23]}
{[%emt 00:00:18]} 31. Rd6 {[%clk 01:26:06]} {[%emt 00:00:55]} Nd7 {[%clk
01:09:13]} {[%emt 00:00:40]} 32. Ba4 {[%clk 01:26:22]} {[%emt 00:00:14]} Re7
{[%clk 01:09:20]} {[%emt 00:00:23]} 33. Bxd7 {[%clk 01:26:05]} {[%emt
00:00:47]} Rexd7 {[%clk 01:09:38]} {[%emt 00:00:13]} 34. Rxd7 {[%clk 01:26:30]}
{[%emt 00:00:05]} Rxd7 {[%clk 01:09:57]} {[%emt 00:00:10]} 35. c5 {[%clk
01:26:44]} {[%emt 00:00:17]} f5 {[%clk 01:10:07]} {[%emt 00:00:19]} 36. Qc4+
{[%clk 01:27:02]} {[%emt 00:00:12]} Kf8 {[%clk 01:10:30]} {[%emt 00:00:08]} 37.
c6 {[%clk 01:27:18]} {[%emt 00:00:14]} Rc7 {[%clk 01:10:15]} {[%emt 00:00:44]}
38. Qb4+ {[%clk 01:27:38]} {[%emt 00:00:10]} 1-0

[Event "DEM U12 2025"]
[Site "Willingen GER"]
[Date "2025.06.09"]
[Round "3"]
[White "Ishcenko, Volodymyr"]
[Black "König, Lian"]
[Result "1/2-1/2"]
[Termination "normal"]
[Board "28"]
[WhiteElo "1528"]
[BlackElo "1450"]
[WhiteClock "00:00:32"]
[BlackClock "00:59:19"]
[PlyCount "55"]
[WhiteFideId "34660208"]
[BlackFideId "34660216"]
[EventCountry "GER"]
[EventRounds "9"]
[EventType "swiss"]
[EventDate "2025.06.07"]

1. e4 {[%clk 01:30:59]} {[%emt 00:00:02]} e5 {[%clk 01:30:53]} {[%emt
00:00:07]} 2. Nf3 {[%clk 01:31:08]} {[%emt 00:00:21]} Nc6 {[%clk 01:31:14]}
{[%emt 00:00:09]} 3. Nc3 {[%clk 01:31:17]} {[%emt 00:00:22]} Nf6 {[%clk
01:31:34]} {[%emt 00:00:09]} 4. d4 {[%clk 01:31:26]} {[%emt 00:00:21]} exd4
{[%clk 01:31:53]} {[%emt 00:00:10]} 5. Nxd4 {[%clk 01:31:46]} {[%emt 00:00:11]}
Bb4 {[%clk 01:32:05]} {[%emt 00:00:19]} 6. Nxc6 {[%clk 01:31:24]} {[%emt
00:00:52]} bxc6 {[%clk 01:32:17]} {[%emt 00:00:18]} 7. Bd3 {[%clk 01:31:17]}
{[%emt 00:00:36]} d5 {[%clk 01:31:46]} {[%emt 00:01:02]} 8. exd5 {[%clk
01:24:01]} {[%emt 00:07:47]} cxd5 {[%clk 01:32:04]} {[%emt 00:00:11]} 9. O-O
{[%clk 01:22:45]} {[%emt 00:01:47]} O-O {[%clk 01:31:49]} {[%emt 00:00:44]} 10.
Bg5 {[%clk 01:20:38]} {[%emt 00:02:35]} c6 {[%clk 01:30:52]} {[%emt 00:01:29]}
11. Qf3 {[%clk 01:18:40]} {[%emt 00:02:28]} Be7 {[%clk 01:30:52]} {[%emt
00:00:31]} 12. Rfe1 {[%clk 01:03:04]} {[%emt 00:16:06]} Be6 {[%clk 01:30:53]}
{[%emt 00:00:27]} 13. Bf5 {[%clk 00:09:20]} {[%emt 00:54:14]} Bxf5 {[%clk
01:15:16]} {[%emt 00:16:07]} 14. Qxf5 {[%clk 00:09:27]} {[%emt 00:00:23]} Re8
{[%clk 01:13:57]} {[%emt 00:01:50]} 15. Re5 {[%clk 00:01:27]} {[%emt 00:08:29]}
Nd7 {[%clk 01:08:42]} {[%emt 00:05:46]} 16. Bxe7 {[%clk 00:00:33]} {[%emt
00:01:25]} Rxe7 {[%clk 01:09:03]} {[%emt 00:00:08]} 17. Rxe7 {[%clk 00:00:33]}
{[%emt 00:00:30]} Qxe7 {[%clk 01:09:26]} {[%emt 00:00:07]} 18. Qf4 {[%clk
00:00:32]} {[%emt 00:00:31]} Re8 {[%clk 01:09:17]} {[%emt 00:00:39]} 19. h3
{[%clk 00:00:33]} {[%emt 00:00:30]} Qe5 {[%clk 01:08:43]} {[%emt 00:01:04]} 20.
Qxe5 {[%clk 00:00:33]} {[%emt 00:00:30]} Rxe5 {[%clk 01:09:02]} {[%emt
00:00:10]} 21. Kf1 {[%clk 00:00:32]} {[%emt 00:00:31]} Nb6 {[%clk 01:08:49]}
{[%emt 00:00:44]} 22. Re1 {[%clk 00:00:32]} {[%emt 00:00:29]} f6 {[%clk
01:08:19]} {[%emt 00:01:00]} 23. Rxe5 {[%clk 00:00:32]} {[%emt 00:00:31]} fxe5
{[%clk 01:08:41]} {[%emt 00:00:07]} 24. Ke2 {[%clk 00:00:32]} {[%emt 00:00:30]}
Kf7 {[%clk 01:08:36]} {[%emt 00:00:35]} 25. b3 {[%clk 00:00:32]} {[%emt
00:00:31]} Kf6 {[%clk 01:07:35]} {[%emt 00:01:30]} 26. a4 {[%clk 00:00:32]}
{[%emt 00:00:31]} a5 {[%clk 01:07:38]} {[%emt 00:00:27]} 27. Na2 {[%clk
00:00:32]} {[%emt 00:00:30]} Kf5 {[%clk 00:59:19]} {[%emt 00:08:32]} 28. b4
{[%emt 00:08:29]} 1/2-1/2

[Event "DEM U12 2025"]
[Site "Willingen GER"]
[Date "2025.06.09"]
[Round "3"]
[White "Tran, Nhat Nam"]
[Black "Martin Fernandez, Félix"]
[Result "1-0"]
[Termination "normal"]
[Board "29"]
[WhiteElo "1341"]
[BlackElo "1723"]
[WhiteClock "00:04:35"]
[BlackClock "00:02:34"]
[PlyCount "81"]
[WhiteFideId "34692193"]
[BlackFideId "34605622"]
[EventCountry "GER"]
[EventRounds "9"]
[EventType "swiss"]
[EventDate "2025.06.07"]

1. d4 {[%clk 01:30:59]} {[%emt 00:00:02]} c5 {[%clk 01:30:44]} {[%emt
00:00:17]} 2. c3 {[%clk 01:31:12]} {[%emt 00:00:16]} Qc7 {[%clk 01:31:04]}
{[%emt 00:00:10]} 3. g3 {[%clk 01:31:22]} {[%emt 00:00:20]} g6 {[%clk
01:30:58]} {[%emt 00:00:36]} 4. Bg2 {[%clk 01:31:22]} {[%emt 00:00:30]} Bg7
{[%clk 01:30:24]} {[%emt 00:01:04]} 5. Nf3 {[%clk 01:30:03]} {[%emt 00:01:49]}
Nf6 {[%clk 01:29:33]} {[%emt 00:01:21]} 6. O-O {[%clk 01:28:55]} {[%emt
00:01:39]} O-O {[%clk 01:28:40]} {[%emt 00:01:22]} 7. Bf4 {[%clk 01:24:27]}
{[%emt 00:04:57]} d6 {[%clk 01:27:44]} {[%emt 00:01:27]} 8. Nbd2 {[%clk
01:22:58]} {[%emt 00:01:59]} Nbd7 {[%clk 01:24:08]} {[%emt 00:04:06]} 9. e4
{[%clk 01:08:35]} {[%emt 00:14:52]} Nh5 {[%clk 01:07:15]} {[%emt 00:17:23]} 10.
Be3 {[%clk 01:05:20]} {[%emt 00:03:45]} Rb8 {[%clk 01:00:04]} {[%emt 00:07:41]}
11. Nh4 {[%clk 00:53:39]} {[%emt 00:12:11]} e5 {[%clk 00:55:22]} {[%emt
00:05:12]} 12. d5 {[%clk 00:50:23]} {[%emt 00:03:46]} b5 {[%clk 00:52:39]}
{[%emt 00:03:13]} 13. Rb1 {[%clk 00:41:54]} {[%emt 00:08:59]} Nb6 {[%clk
00:43:55]} {[%emt 00:09:15]} 14. f4 {[%clk 00:37:27]} {[%emt 00:04:56]} Nd7
{[%clk 00:25:26]} {[%emt 00:19:00]} 15. f5 {[%clk 00:31:19]} {[%emt 00:06:37]}
Qa5 {[%clk 00:20:00]} {[%emt 00:05:56]} 16. Ra1 {[%clk 00:17:58]} {[%emt
00:13:52]} Ba6 {[%clk 00:17:14]} {[%emt 00:03:16]} 17. g4 {[%clk 00:16:06]}
{[%emt 00:02:20]} Nf4 {[%clk 00:13:26]} {[%emt 00:04:18]} 18. g5 {[%clk
00:12:26]} {[%emt 00:04:10]} Nxg2 {[%clk 00:06:46]} {[%emt 00:07:10]} 19. Kxg2
{[%clk 00:12:38]} {[%emt 00:00:17]} Rfe8 {[%clk 00:05:32]} {[%emt 00:01:45]}
20. Qg4 {[%clk 00:11:29]} {[%emt 00:01:39]} Qd8 {[%clk 00:03:48]} {[%emt
00:02:14]} 21. Rf2 {[%clk 00:09:31]} {[%emt 00:02:27]} Bc8 {[%clk 00:02:25]}
{[%emt 00:01:53]} 22. Raf1 {[%clk 00:09:22]} {[%emt 00:00:39]} Nf8 {[%clk
00:02:13]} {[%emt 00:00:42]} 23. Qg3 {[%clk 00:06:12]} {[%emt 00:03:40]} Rb7
{[%clk 00:00:59]} {[%emt 00:01:45]} 24. Rf3 {[%clk 00:06:09]} {[%emt 00:00:33]}
a6 {[%clk 00:01:10]} {[%emt 00:00:19]} 25. Qf2 {[%clk 00:06:00]} {[%emt
00:00:39]} h6 {[%clk 00:00:39]} {[%emt 00:01:02]} 26. gxh6 {[%clk 00:06:16]}
{[%emt 00:00:14]} Bf6 {[%clk 00:01:01]} {[%emt 00:00:07]} 27. Rh3 {[%clk
00:04:26]} {[%emt 00:02:19]} Bxh4 {[%clk 00:00:53]} {[%emt 00:00:39]} 28. Rxh4
{[%clk 00:04:39]} {[%emt 00:00:18]} g5 {[%clk 00:01:11]} {[%emt 00:00:12]} 29.
Rh5 {[%clk 00:04:36]} {[%emt 00:00:32]} f6 {[%emt 00:00:59]} 30. Qg3 {[%clk
00:04:52]} Nh7 {[%clk 00:00:33]} {[%emt 00:00:52]} 31. h4 {[%clk 00:04:57]}
{[%emt 00:00:26]} Kh8 {[%clk 00:00:48]} {[%emt 00:00:16]} 32. hxg5 {[%clk
00:05:12]} {[%emt 00:00:14]} fxg5 {[%clk 00:01:13]} {[%emt 00:00:04]} 33. Bxg5
{[%clk 00:03:52]} {[%emt 00:01:51]} Nxg5 {[%clk 00:01:28]} {[%emt 00:00:15]}
34. Rxg5 {[%clk 00:04:01]} {[%emt 00:00:21]} Qxg5 {[%clk 00:01:03]} {[%emt
00:00:55]} 35. Qxg5 {[%clk 00:04:16]} {[%emt 00:00:14]} Rg8 {[%clk 00:01:31]}
{[%emt 00:00:03]} 36. Nf3 {[%clk 00:04:28]} {[%emt 00:00:19]} Rxg5+ {[%clk
00:01:54]} {[%emt 00:00:07]} 37. Nxg5 {[%clk 00:04:39]} {[%emt 00:00:18]} a5
{[%clk 00:01:55]} {[%emt 00:00:29]} 38. Kf3 {[%clk 00:04:13]} {[%emt 00:00:56]}
b4 {[%clk 00:02:11]} {[%emt 00:00:15]} 39. c4 {[%clk 00:04:36]} {[%emt
00:00:06]} a4 {[%clk 00:02:30]} {[%emt 00:00:11]} 40. f6 {[%clk 00:04:14]}
{[%emt 00:00:52]} b3 {[%clk 00:02:34]} {[%emt 00:00:26]} 41. a3 {[%clk
00:04:35]} {[%emt 00:00:09]} 1-0

[Event "DEM U12 2025"]
[Site "Willingen GER"]
[Date "2025.06.09"]
[Round "3"]
[White "Nikonenko, Tymofii"]
[Black "Nain, Medhansh"]
[Result "0-1"]
[Termination "normal"]
[Board "30"]
[WhiteElo "1495"]
[BlackElo "1732"]
[WhiteClock "01:13:19"]
[BlackClock "01:16:18"]
[PlyCount "38"]
[WhiteFideId "34166246"]
[BlackFideId "34684875"]
[EventCountry "GER"]
[EventRounds "9"]
[EventType "swiss"]
[EventDate "2025.06.07"]

1. d4 {[%clk 01:30:52]} {[%emt 00:00:07]} Nf6 {[%clk 01:30:52]} {[%emt
00:00:09]} 2. c4 {[%clk 01:31:13]} {[%emt 00:00:09]} g6 {[%clk 01:31:16]}
{[%emt 00:00:05]} 3. Nc3 {[%clk 01:31:31]} {[%emt 00:00:13]} Bg7 {[%clk
01:31:37]} {[%emt 00:00:09]} 4. e4 {[%clk 01:31:29]} {[%emt 00:00:33]} d6
{[%clk 01:31:57]} {[%emt 00:00:08]} 5. Nf3 {[%clk 01:31:21]} {[%emt 00:00:38]}
O-O {[%clk 01:32:18]} {[%emt 00:00:09]} 6. h3 {[%clk 01:31:47]} {[%emt
00:00:04]} Na6 {[%clk 01:32:41]} {[%emt 00:00:08]} 7. Bd3 {[%clk 01:31:32]}
{[%emt 00:00:45]} e5 {[%clk 01:32:09]} {[%emt 00:01:02]} 8. d5 {[%clk
01:31:52]} {[%emt 00:00:09]} Nc5 {[%clk 01:32:33]} {[%emt 00:00:06]} 9. O-O
{[%clk 01:32:12]} {[%emt 00:00:10]} Ne8 {[%clk 01:32:53]} {[%emt 00:00:11]} 10.
Ne1 {[%clk 01:31:59]} {[%emt 00:00:43]} Nxd3 {[%emt 00:01:30]} 11. Nxd3 {[%clk
01:32:02]} {[%emt 00:00:26]} f5 {[%clk 01:31:58]} {[%emt 00:00:26]} 12. f3
{[%clk 01:30:04]} {[%emt 00:02:26]} f4 {[%clk 01:31:40]} {[%emt 00:00:49]} 13.
Nf2 {[%clk 01:29:52]} {[%emt 00:00:42]} Nf6 {[%clk 01:27:48]} {[%emt 00:04:23]}
14. Re1 {[%clk 01:28:08]} {[%emt 00:02:14]} Nh5 {[%clk 01:20:55]} {[%emt
00:07:22]} 15. Ne2 {[%clk 01:26:36]} {[%emt 00:02:02]} Qh4 {[%clk 01:16:22]}
{[%emt 00:05:03]} 16. Kh2 {[%clk 01:13:41]} {[%emt 00:13:26]} Qxf2 {[%clk
01:16:01]} {[%emt 00:00:51]} 17. Rf1 {[%clk 01:12:34]} {[%emt 00:01:37]} Qh4
{[%clk 01:15:37]} {[%emt 00:00:54]} 18. Bd2 {[%clk 01:13:01]} {[%emt 00:00:02]}
Ng3 {[%clk 01:15:57]} {[%emt 00:00:09]} 19. Be1 {[%clk 01:13:19]} {[%emt
00:00:13]} Nxf1+ {[%clk 01:16:18]} {[%emt 00:00:11]} 0-1

[Event "DEM U12 2025"]
[Site "Willingen GER"]
[Date "2025.06.09"]
[Round "3"]
[White "Aliyev, Amil"]
[Black "Vilain, Philip"]
[Result "1/2-1/2"]
[Termination "normal"]
[Board "31"]
[WhiteElo "1664"]
[BlackElo "1791"]
[WhiteClock "00:04:17"]
[BlackClock "00:38:10"]
[PlyCount "50"]
[WhiteFideId "34687270"]
[BlackFideId "34662820"]
[EventCountry "GER"]
[EventRounds "9"]
[EventType "swiss"]
[EventDate "2025.06.07"]

1. d4 {[%clk 01:30:59]} {[%emt 17:15:40]} d5 {[%emt 00:00:13]} 2. Bf4 {[%clk
01:31:15]} {[%emt 00:00:13]} Nf6 {[%clk 01:30:52]} {[%emt 00:00:27]} 3. e3
{[%clk 01:31:27]} {[%emt 00:00:19]} Bf5 {[%clk 01:30:29]} {[%emt 00:00:52]} 4.
c4 {[%clk 01:31:10]} {[%emt 00:00:47]} c6 {[%clk 01:28:54]} {[%emt 00:02:05]}
5. Nc3 {[%clk 01:30:49]} {[%emt 00:00:51]} e6 {[%clk 01:28:59]} {[%emt
00:00:25]} 6. Nf3 {[%clk 01:28:19]} {[%emt 00:02:59]} Bd6 {[%clk 01:28:49]}
{[%emt 00:00:41]} 7. Be5 {[%clk 01:27:38]} {[%emt 00:01:12]} O-O {[%clk
01:26:15]} {[%emt 00:03:03]} 8. h3 {[%clk 01:20:15]} {[%emt 00:07:54]} Bxe5
{[%clk 01:22:14]} {[%emt 00:04:30]} 9. Nxe5 {[%clk 01:20:18]} {[%emt 00:00:28]}
Nbd7 {[%clk 01:22:14]} {[%emt 00:00:30]} 10. Nxd7 {[%clk 01:19:13]} {[%emt
00:01:34]} Qxd7 {[%clk 01:21:48]} {[%emt 00:00:56]} 11. Bd3 {[%clk 01:18:13]}
{[%emt 00:01:31]} Bg6 {[%clk 01:21:13]} {[%emt 00:01:03]} 12. O-O {[%clk
01:18:11]} {[%emt 00:00:33]} Rfe8 {[%clk 01:19:34]} {[%emt 00:02:08]} 13. cxd5
{[%clk 01:15:36]} {[%emt 00:03:04]} exd5 {[%clk 01:18:55]} {[%emt 00:01:10]}
14. Rc1 {[%clk 01:14:55]} {[%emt 00:01:11]} Bxd3 {[%clk 01:13:44]} {[%emt
00:05:41]} 15. Qxd3 {[%clk 01:15:20]} {[%emt 00:00:05]} Ne4 {[%clk 01:13:50]}
{[%emt 00:00:23]} 16. Nxe4 {[%clk 01:06:00]} {[%emt 00:09:50]} dxe4 {[%clk
01:11:55]} {[%emt 00:02:26]} 17. Qb3 {[%clk 00:59:51]} {[%emt 00:06:39]} Re6
{[%clk 01:08:46]} {[%emt 00:03:38]} 18. Rc3 {[%clk 00:57:38]} {[%emt 00:02:43]}
Rg6 {[%clk 01:06:38]} {[%emt 00:02:38]} 19. Kh2 {[%clk 00:44:05]} {[%emt
00:14:04]} Re8 {[%clk 01:03:15]} {[%emt 00:03:52]} 20. Rg1 {[%clk 00:37:02]}
{[%emt 00:07:34]} Ree6 {[%clk 00:55:59]} {[%emt 00:07:44]} 21. d5 {[%clk
00:24:52]} {[%emt 00:12:43]} Ref6 {[%clk 00:52:12]} {[%emt 00:04:17]} 22. dxc6
{[%clk 00:16:25]} {[%emt 00:08:57]} Rxc6 {[%clk 00:47:01]} {[%emt 00:05:40]}
23. Rxc6 {[%clk 00:15:23]} {[%emt 00:01:33]} Rxc6 {[%clk 00:45:02]} {[%emt
00:02:29]} 24. Rd1 {[%clk 00:08:17]} {[%emt 00:07:35]} Qc7+ {[%clk 00:43:00]}
{[%emt 00:02:32]} 25. Kg1 {[%clk 00:04:17]} {[%emt 00:04:30]} g6 {[%clk
00:38:10]} {[%emt 00:05:19]} 1/2-1/2